00498nam a2200157 i 450000100060000000300090000600500170001500700030003200800410003510000240007624501230010026000320022330000270025570000370028285200210031936426ES-MaACL20251013215827.0t|030218s1912 fr ||||1| fre d1 aBuisson, Ferdinand.13aLa foi laigne b: estraits de discours et d'ecrits (1878-1911) /cFerdinand Buisson ; préface de Raymond Poincaré. aParis : bHachette, c1912. aXIV, 336 p. ; c18 cm.1 aPoincaré, Raymond, d1860-1934 aES-MaACLjG-3228